Babe, el cerdito valiente / (Registro nro. 9590)

Detalles MARC
000 -LIDER
fixed length control field 01231nam a2200433 4500
001 - NÚMERO DE CONTROL
Identificador de número de control 011950
003 - IDENTIFICACDOR DE NÚMERO DE CONTROL
control field DO-SdBPM
005 - DATE AND TIME OF LATEST TRANSACTION
control field 20250108105335.0
007 - CAMPOS FIJOS DE DESCRIPCIÓN FÍSICA
fixed length control field 011950
008 - ELEMENTOS DE LONGITUD FIJA
fixed length control field 091022s1996 sp 089 g 1v cat
015 ## - NÚMERO DENTRO DE LA BIBLIOGRAFÍA NACIONAL
National bibliography number
017 ## - NÚMERO DE REGISTRO DE DERECHOS DE AUTOR
Copyright or legal deposit number
Assigning agency
020 ## - ISBN
International Standard Book Number 8422659425
035 ## - NÚMERO LOCAL
System control number
040 ## - FUENTE DE CATALOGACIÓN
Agencia que crea de manera original el registro DO-SdBPM
Idioma de catalogación spa
Agencia que realiza la transcripción BPMSU
Convenciones de la despripción
082 #4 - NÚMERO DE CLASIFICACIÓN DECIMAL DE DEWEY
Classification number 823.91
Item number K52b 1996
Edition number 22
100 1# - ASIENTO PRINCIPAL -- NOMBRE PERSONAL
Término de relación King-Smith, Dick
Fechas asociadas con el nombre 1922 –2011
240 ## - TITULO UNIFORME
Título uniforme The sbeep pig
245 10 - MENCIÓN DE TITULO
Título Babe, el cerdito valiente /
Mención de responsabilidad Dick King-Smith ; traducción de Esther Gómez Parro ; ilustraciones de Mary Rayner
Medio (Designación general de material)
260 ## - PUBLICACIÓN, DISTRIBUCIÓN, ETC. (PIE DE IMPRENTA)
Lugar de publicación, distribución, etc Barcelona :
Nombre del editor, distribuidor, etc. Emecé Editores,
Fecha de publicación, distribución, etc 1996
Nombre del editor, distribuidor, etc.
300 ## - DESCRIPCIÓN FÍSICA
Extensión 137 p. :
Otros detalles físicos il. ;
Dimensiones 26
490 0# - MENCIÓN DE SERIES
Mención de serie Círculo de lectores
500 ## - NOTA GENERAL
Nota general
500 ## - NOTA GENERAL
Nota general
546 ## - NOTA DE IDIOMA
Nota de idioma
590 ## - NOTA LOCAL
Texto de la nota local Inventariado, 2025/VM
650 #4 - ENCABEZAMIENTO DE MATERIA--TEMÁTICO
Término temático o nombre geográfico como elemento de entrada Cuentos juveniles ingleses
650 #4 - ENCABEZAMIENTO DE MATERIA--TEMÁTICO
Término temático o nombre geográfico como elemento de entrada Cerdos
Subdivisión temática general Hábitos y conducta
Subdivisión de forma Cuentos juveniles.
650 #4 - ENCABEZAMIENTO DE MATERIA--TEMÁTICO
Término temático o nombre geográfico como elemento de entrada Inteligencia animal
Subdivisión de forma Cuentos juveniles.
700 1# - ASIENTO SECUNDARIO -- NOMBRE PERSONAL
Nombre personal Gómez, Parro Esther
Mención de responsabilidad traductor
Fechas asociadas con el nombre
700 1# - ASIENTO SECUNDARIO -- NOMBRE PERSONAL
Nombre personal Rayner, Mary
Mención de responsabilidad ilustración
Fechas asociadas con el nombre
700 1# - ASIENTO SECUNDARIO -- NOMBRE PERSONAL
Nombre personal
700 1# - ASIENTO SECUNDARIO -- NOMBRE PERSONAL
Nombre personal
Títulos u otras palabras asociadas con el nombre
700 1# - ASIENTO SECUNDARIO -- NOMBRE PERSONAL
Nombre personal
Fechas asociadas con el nombre
700 1# - ASIENTO SECUNDARIO -- NOMBRE PERSONAL
Nombre personal
Fechas asociadas con el nombre
700 1# - ASIENTO SECUNDARIO -- NOMBRE PERSONAL
Nombre personal
Fechas asociadas con el nombre
910 ## - VALIDACIÓN
Validación VMateo V. Control de calidad. BPMSU
942 ## - ADDED ENTRY ELEMENTS (KOHA)
Source of classification or shelving scheme Dewey Decimal Classification
Koha item type Libros
Existencias
Withdrawn status Lost status Source of classification or shelving scheme Damaged status Not for loan Collection code Home library Current library Date acquired Source of acquisition Total Checkouts Full call number Barcode Date last seen Price effective from Koha item type
    Dewey Decimal Classification     Colección Infantil General Biblioteca Pública Metropolitana Salomé Ureña Biblioteca Pública Metropolitana Salomé Ureña 04/06/2016 FUNDI   BPMSU CJG 823.91 K52b 1996 BPMSU16040162 04/06/2016 04/06/2016 Libros